|
|
|
|
| LEADER |
00000nam1a2200000 4500 |
| 001 |
52222 |
| 005 |
20231031041311.0 |
| 035 |
|
|
|a (RuTPU)RU\TPU\book\54712
|
| 090 |
|
|
|a 52222
|
| 100 |
|
|
|a 20030526d1999 m y0rusy50 ca
|
| 101 |
0 |
|
|a rus
|
| 102 |
|
|
|a RU
|
| 200 |
1 |
|
|a Поверка и калибровка приборов для измерения температуры
|e учебное пособие
|f А. М. Бикулов
|
| 210 |
|
|
|a Москва
|c АСМС
|d 1999-
|
| 700 |
|
1 |
|a Бикулов
|b А. М.
|
| 712 |
0 |
2 |
|a Академия стандартизации, метрологии и сертификации (учебная) Госстандарта России
|2 stltpush
|3 (RuTPU)RU\TPU\col\802
|
| 801 |
|
1 |
|a RU
|b 63413507
|c 20030526
|g PSBO
|
| 801 |
|
2 |
|a RU
|b 63413507
|c 20030526
|g PSBO
|
| 942 |
|
|
|c BK
|